000 00610nam a2200169Ia 4500
003 GCL
008 140319s9999 xx 000 0 ara d
040 _aGCL /
_cGCL
082 0 4 _a810.972
_bا ا
100 1 _aاحمد النجار
245 1 0 _aالإنتاج الأدبى فى مدينة الإسكندرية فى العصريين الفاطمى والأيوبى /
_cاحمد النجار
300 _a256
490 _aالمجلس الأعلى لرعاية الفنون والأدب والعلوم
_v0
650 0 4 _aمصر
650 0 4 _aالادب العربى - تاريخ ونقد
942 _2ddc
_cBK
999 _c43595
_d43595